000 00527nam a2200181Ia 4500
008 100921s9999 xx 000 0 und d
082 _b14690
_a891.462 थ 00
100 _aकिरात.
245 _aबांका तिरंदाज.
260 _b---
_c1900
300 _a52
_b---
365 _b0
520 _aललित-नाटके.
630 _aबांका तिरंदाज.
650 _aललित-नाटके.
730 _aबांका तिरंदाज.
942 _cBOOK
999 _c763803
_d763800